The internet marketing plan : the complete guide to instant web presence
Αποθηκεύτηκε σε:
| Κύριος συγγραφέας: | |
|---|---|
| Μορφή: | Βιβλίο |
| Γλώσσα: | English |
| Δημοσίευση: |
New York :
Wiley Computer Publishing,
2000
|
| Έκδοση: | 2nd ed. |
| Θέματα: | |
| Ετικέτες: |
Προσθήκη ετικέτας
Δεν υπάρχουν, Καταχωρήστε ετικέτα πρώτοι!
|
MARC
| LEADER | 00000nam a2200000 i 4500 | ||
|---|---|---|---|
| 001 | 1/17654 | ||
| 008 | 010228s2000 eng d | ||
| 020 | |a 0-471-35598-4 | ||
| 035 | |l 10066216 | ||
| 040 | |a GR-MY-UA |b gre |e aacr | ||
| 041 | 0 | |a eng | |
| 082 | 0 | |a 658.8002854678 | |
| 100 | 1 | |a Bayne, Kim M. | |
| 245 | 1 | 4 | |a The internet marketing plan : |b the complete guide to instant web presence / |c Kim M. Bayne |
| 250 | |a 2nd ed. | ||
| 260 | |a New York : |b Wiley Computer Publishing, |c 2000 | ||
| 300 | |a 411p. |e 1 computer laser optical disc (4 3/4 in) | ||
| 504 | |a Includes bibliographical references and index | ||
| 650 | 0 | 0 | |a Internet marketing. |
| 852 | |a INST |b CHIOS |e 20010228 |h 658.8002854678 BAY |p 005200016702 |q 005200016702 |t BK |y 0 | ||
| 852 | |a INST |b CHIOS |e 20010314 |h 658.8002854678 BAY |p 005200021325 |q 005200021325 |t BK |y 0 | ||
| 901 | |a BIBL2-2001-1 | ||
| 909 | |a Χ |b 083130 | ||
| 909 | |a Χ |b 083508 | ||
| 920 | |a ΤΜΗΜΑ ΝΑΥΤΙΛΙΑΣ ΚΑΙ ΕΠΙΧΕΙΡΗΜΑΤΙΚΩΝ ΥΠΗΡΕΣΙΩΝ |y ΧΙΟΣ |z 2000-12 | ||
| 970 | |a ΠΟΥΛΑΚΗ |b ΣΤΕΛΛΑ |z 2001/02/28 | ||